000 00861cac a2200265 a 4500
003 Co-PeBPM
005 20250708130456.0
008 231129e1992||||ck |||||||||||||| ||spa||
040 _aCo-PeBPM
_bspa
_cCo-PeBPM
_erda
041 _aspa
082 0 4 _a155.332 C266d
_222
100 1 0 _aCardelle, Frank
_eautor
245 1 0 _aEl desafio de ser hombres hoy
_c/ Frank Cardelle
260 _aBogotá, Colombia
_b: Pontificia Universidad Javeriana
_c, 1992
300 _a380 páginas
_c; 24 centímetros
500 _aIncluye Índice.
650 1 4 _aHombres
_2LEMB
650 1 4 _aAspectos sociales
_2LEMB
650 1 4 _aCuestiones sociales
_2LEMB
650 1 4 _aCuestiones morales
_2LEMB
650 1 4 _aPsicología
_2LEMB
700 _aArango P, Ramiro
_eTraducción
942 _2ddc
_cBK
999 _c10805
_d10805